[Event "Torino op 53rd"]
[Site "Torino"]
[Date "2024.01.02"]
[Round "1"]
[White "Madiai, Federico"]
[Black "Bergero, Simone"]
[Result "1/2-1/2"]
[WhiteElo "2172"]
[BlackElo "2008"]
[PlyCount "72"]
[EventDate "2024.01.02"]
[EventType "swiss"]
[EventRounds "9"]
[EventCountry "ITA"]
[SourceTitle "CB02_2024"]
[SourceDate "2024.01.10"]
[SourceVersion "1"]
[SourceVersionDate "2024.01.10"]
[SourceQuality "1"]

1. e4 c5 2. Nf3 Nc6 3. Nc3 e5 4. Bc4 Be7 5. d3 Nf6 6. Nd2 0-0 7. Nf1 d6 8. Ne3 Nd7 9. a3 a6 10. 0-0 b5 11. Ba2 Nb6 12. Ncd5 Be6 13. c3 Bg5 14. b4 Bxd5 15. Nxd5 Bxc1 16. Qxc1 Ne7 17. Ne3 cxb4 18. axb4 d5 19. Bb3 d4 20. cxd4 Qxd4 21. Qc5 Qxc5 22. bxc5 Nd7 23. Rfc1 Rfc8 24. Nd5 Kf8 25. Nxe7 Kxe7 26. c6 Nb6 27. c7 Kd6 28. Bxf7 Rxc7 29. Rxc7 Kxc7 30. Kf1 Kc6 31. Ke2 a5 32. Ke3 Kc5 33. Rc1+ Kb4 34. Rb1+ Kc5 35. Rc1+ Kb4 36. Rb1+ Kc5 1/2-1/2

[Event "Las Palmas San Mateo CC op 1st"]
[Site "Las Palmas"]
[Date "2023.12.05"]
[Round "2"]
[White "Strikovic, Aleksa"]
[Black "Bergero, Simone"]
[Result "1-0"]
[WhiteElo "2433"]
[BlackElo "2010"]
[PlyCount "53"]
[EventDate "2023.12.04"]
[EventType "swiss"]
[EventRounds "9"]
[EventCountry "ESP"]
[SourceTitle "CB50_2023"]
[SourceDate "2023.12.13"]
[SourceVersion "1"]
[SourceVersionDate "2023.12.13"]
[SourceQuality "1"]

1. c4 e5 2. Nc3 Bb4 3. Qc2 Nf6 4. Nf3 Nc6 5. e3 0-0 6. Nd5 Re8 7. Qf5 d6 8. Nxf6+ Qxf6 9. Qxf6 gxf6 10. a3 Ba5 11. b4 Bb6 12. Bb2 a5 13. b5 Ne7 14. d4 Ng6 15. 0-0-0 Bf5 16. h4 Bg4 17. h5 Ne7 18. Rh4 Be6 19. c5 dxc5 20. dxe5 Rad8 21. Rxd8 Rxd8 22. exf6 Nf5 23. Rg4+ Kh8 24. Re4 h6 25. Rxe6 fxe6 26. g4 Nd6 27. f7+ 1-0

[Event "Arco op 42nd"]
[Site "Arco"]
[Date "2020.10.14"]
[Round "5.10"]
[White "Bergero, Simone"]
[Black "Podetti, Davide"]
[Result "0-1"]
[WhiteElo "1961"]
[BlackElo "2190"]
[PlyCount "26"]
[EventDate "2020.10.10"]
[EventType "swiss"]
[EventRounds "9"]
[EventCountry "ITA"]
[SourceTitle "CBM 198 Extra"]
[Source "ChessBase"]
[SourceDate "2020.11.30"]
[SourceVersion "1"]
[SourceVersionDate "2020.11.30"]
[SourceQuality "1"]

1. d4 Nf6 2. Bg5 e6 3. Nc3 h6 4. Bh4 d5 5. Qd2 Nbd7 6. Nf3 Be7 7. g4 c5 8. Rg1 a6 9. 0-0-0 b5 10. Ne5 cxd4 11. Nc6 dxc3 12. Qf4 cxb2+ 13. Kb1 g5 0-1

[Event "Arco op 41st"]
[Site "Arco"]
[Date "2019.10.12"]
[Round "9"]
[White "Bergero, Simone"]
[Black "Collin, Moritz Valentin"]
[Result "1-0"]
[WhiteElo "1984"]
[BlackElo "1818"]
[PlyCount "57"]
[EventDate "2019.10.04"]
[EventType "swiss"]
[EventRounds "9"]
[EventCountry "ITA"]
[SourceTitle "EXT 2021"]
[Source "ChessBase"]
[SourceDate "2020.10.23"]
[SourceVersion "1"]
[SourceVersionDate "2020.10.23"]
[SourceQuality "1"]

1. d4 Nf6 2. Bg5 Ne4 3. Bh4 d5 4. f3 Nf6 5. e4 dxe4 6. Bc4 e5 7. dxe5 Qxd1+ 8. Kxd1 Nfd7 9. e6 fxe6 10. Bxe6 Be7 11. Bxe7 Kxe7 12. Bxd7 Bxd7 13. fxe4 Bc6 14. Nd2 Nd7 15. Ngf3 Rae8 16. Nd4 Ne5 17. Nxc6+ Nxc6 18. c3 Rhf8 19. Ke2 Ne5 20. Rhf1 Ng4 21. h3 Nf6 22. g4 g5 23. Rf5 h6 24. Raf1 Ke6 25. Nb3 Ke7 26. Ke3 Rd8 27. Nd4 c5 28. Re5+ Kd7 29. Rxc5 1-0

[Event "Arco op 41st"]
[Site "Arco"]
[Date "2019.10.11"]
[Round "8"]
[White "Zwahr, Paul"]
[Black "Bergero, Simone"]
[Result "1-0"]
[WhiteElo "2282"]
[BlackElo "1984"]
[PlyCount "59"]
[EventDate "2019.10.04"]
[EventType "swiss"]
[EventRounds "9"]
[EventCountry "ITA"]
[SourceTitle "EXT 2020"]
[Source "ChessBase"]
[SourceDate "2019.10.17"]
[SourceVersion "1"]
[SourceVersionDate "2019.10.17"]
[SourceQuality "1"]

1. e4 c5 2. Nf3 Nc6 3. d4 cxd4 4. Nxd4 e5 5. Nb5 d6 6. N1c3 a6 7. Na3 b5 8. Nd5 Nge7 9. c4 Nxd5 10. exd5 Nd4 11. cxb5 Bd7 12. Bd3 Nxb5 13. Nc4 Be7 14. 0-0 0-0 15. f4 Bf6 16. fxe5 dxe5 17. Be3 Nd4 18. Rc1 Rb8 19. Rf2 Qe7 20. b3 g6 21. Qe1 Nf5 22. Ba7 Rbc8 23. b4 Bb5 24. Bc5 Rxc5 25. bxc5 Qxc5 26. Bxf5 gxf5 27. Ne3 Qa3 28. Rc3 Qa5 29. Nxf5 e4 30. Rg3+ 1-0

[Event "Doriano Spinelli mem 2nd"]
[Site "Torino"]
[Date "2016.12.04"]
[Round "5"]
[White "Di Chiara, Mauro"]
[Black "Bergero, Simone"]
[Result "0-1"]
[WhiteElo "1933"]
[BlackElo "1860"]
[PlyCount "70"]
[EventDate "2016.12.01"]
[EventType "swiss"]
[EventRounds "5"]
[EventCountry "ITA"]
[SourceTitle "CBM 176 Extra"]
[Source "ChessBase"]
[SourceDate "2017.03.02"]
[SourceVersion "1"]
[SourceVersionDate "2017.03.02"]
[SourceQuality "1"]

1. d4 d6 2. Nf3 f5 3. Nc3 Nf6 4. Bg5 g6 5. Bxf6 exf6 6. e4 fxe4 7. Nxe4 Bg7 8. Bd3 0-0 9. 0-0 Nc6 10. c3 Be6 11. Re1 Bf7 12. Bc2 Na5 13. b3 c5 14. dxc5 f5 15. Nxd6 Bxc3 16. Ne5 Be8 17. b4 Nc6 18. Bb3+ Kg7 19. Nxe8+ Rxe8 20. Nxc6 Qxd1 21. Raxd1 Rxe1+ 22. Rxe1 Bxe1 23. Na5 Bxb4 24. Nxb7 Re8 25. g3 Re1+ 26. Kg2 Rc1 27. h4 Bxc5 28. Nxc5 Rxc5 29. Kf3 Kf6 30. g4 Ke5 31. g5 Rc3+ 32. Kg2 Rxb3 33. axb3 Kf4 34. f3 Ke3 35. Kg3 a5 0-1

[Event "Doriano Spinelli mem 2nd"]
[Site "Torino"]
[Date "2016.12.02"]
[Round "2"]
[White "Bergero, Simone"]
[Black "Bisi, Riccardo"]
[Result "0-1"]
[WhiteElo "1860"]
[BlackElo "2028"]
[PlyCount "78"]
[EventDate "2016.12.01"]
[EventType "swiss"]
[EventRounds "5"]
[EventCountry "ITA"]
[SourceTitle "CBM 176 Extra"]
[Source "ChessBase"]
[SourceDate "2017.03.02"]
[SourceVersion "1"]
[SourceVersionDate "2017.03.02"]
[SourceQuality "1"]

1. d4 Nf6 2. Bg5 e6 3. e4 Be7 4. Bd3 d5 5. e5 Nfd7 6. Bxe7 Qxe7 7. c3 c5 8. Nf3 Nc6 9. 0-0 0-0 10. Nbd2 a6 11. a4 f6 12. Re1 Rb8 13. exf6 Qxf6 14. Qc2 g6 15. dxc5 Nxc5 16. Nb3 Nd7 17. c4 d4 18. Be4 e5 19. Bxc6 bxc6 20. Nbd2 Qf5 21. Qxf5 Rxf5 22. b3 c5 23. g4 Rf4 24. h3 e4 25. Rxe4 Rxe4 26. Nxe4 Rxb3 27. Nfd2 Rb2 28. Nd6 Rxd2 29. Nxc8 Rc2 30. Nd6 Ne5 31. Rb1 Nxc4 32. Rb8+ Kg7 33. Rb7+ Kf8 34. Nxc4 Rxc4 35. Rxh7 d3 36. Rd7 Rc1+ 37. Kg2 c4 38. Kf3 Rd1 39. Rd4 c3 0-1

[Event "Vaujany op-A 7th"]
[Site "Vaujany"]
[Date "2016.07.16"]
[Round "1"]
[White "Bergero, Simone"]
[Black "Favarel, Camille"]
[Result "1-0"]
[WhiteElo "1916"]
[BlackElo "2256"]
[PlyCount "68"]
[EventDate "2016.07.16"]
[EventType "swiss"]
[EventRounds "9"]
[EventCountry "FRA"]
[SourceTitle "EXT 2019"]
[Source "ChessBase"]
[SourceDate "2018.10.10"]
[SourceVersion "1"]
[SourceVersionDate "2018.10.10"]
[SourceQuality "1"]

1. d4 d5 2. c4 c6 3. Nc3 Nf6 4. Nf3 dxc4 5. a4 Bf5 6. e3 e6 7. Bxc4 Bb4 8. 0-0 0-0 9. Bd2 Nbd7 10. Ne4 Be7 11. Ng3 Bg6 12. Nh4 Be4 13. Nxe4 Nxe4 14. Nf3 Nxd2 15. Nxd2 Nb6 16. a5 Nd5 17. Bxd5 exd5 18. Qb3 Qd7 19. Rfc1 Bd6 20. a6 b6 21. Qa4 Rac8 22. Rc3 Qe6 23. Rac1 c5 24. dxc5 bxc5 25. Nb3 Qe7 26. Qa5 Rb8 27. Nxc5 Rxb2 28. Nd3 Rb6 29. Rc6 Rxc6 30. Rxc6 Qd7 31. Rc1 h5 32. g3 Qf5 33. Nf4 Bxf4 34. exf4 Qe4 1-0

[Event "Robecchetto op-B 25th"]
[Site "Robecchetto"]
[Date "2014.12.26"]
[Round "1"]
[White "Biancotti, Alessandro"]
[Black "Bergero, Simone"]
[Result "1/2-1/2"]
[WhiteElo "1874"]
[BlackElo "1745"]
[PlyCount "72"]
[EventDate "2014.12.26"]
[EventType "swiss"]
[EventRounds "6"]
[EventCountry "ITA"]
[SourceTitle "EXT 2017"]
[Source "ChessBase"]
[SourceDate "2016.10.25"]
[SourceVersion "1"]
[SourceVersionDate "2016.10.25"]
[SourceQuality "1"]

1. e4 e5 2. Nf3 d6 3. d4 Nd7 4. Bc4 Be7 5. 0-0 Ngf6 6. Nc3 0-0 7. Bg5 c6 8. Qe2 b5 9. Bb3 Bb7 10. Rad1 Ne8 11. Bxe7 Qxe7 12. d5 Ndf6 13. dxc6 Bxc6 14. Nd5 Nxd5 15. Bxd5 Bxd5 16. Rxd5 Nc7 17. Rd2 a6 18. Rfd1 Ne6 19. Qe3 Qc7 20. c3 Rfd8 21. Nh4 g6 22. g3 Qc5 23. Qe2 Rd7 24. Rd5 Qc6 25. Qd2 Rad8 26. f3 Nc7 27. Rd3 d5 28. Ng2 d4 29. cxd4 Rxd4 30. Rxd4 Rxd4 31. Qe2 Ne6 32. Ne3 Rxd1+ 33. Qxd1 Nd4 34. Nd5 Qc5 35. Kg2 Nc2 36. Qd2 Kg7 1/2-1/2

[Event "Torino Epifania op"]
[Site "Torino"]
[Date "2014.01.04"]
[Round "2"]
[White "Di Chiara, Mauro"]
[Black "Bergero, Simone"]
[Result "1-0"]
[WhiteElo "1987"]
[BlackElo "1831"]
[PlyCount "61"]
[EventDate "2014.01.03"]
[EventType "swiss"]
[EventRounds "6"]
[EventCountry "ITA"]
[SourceTitle "EXT 2015"]
[Source "ChessBase"]
[SourceDate "2014.11.20"]
[SourceVersion "1"]
[SourceVersionDate "2014.11.20"]
[SourceQuality "1"]

1. Nf3 c5 2. g3 Nc6 3. Bg2 d5 4. 0-0 Nf6 5. d4 e6 6. c4 Qb6 7. cxd5 exd5 8. Nc3 cxd4 9. Na4 Qc7 10. Bf4 Bd6 11. Bxd6 Qxd6 12. Nxd4 0-0 13. Rc1 a6 14. Nxc6 bxc6 15. Qd4 Re8 16. e3 Rb8 17. Qc5 Qxc5 18. Rxc5 Rb4 19. b3 Bb7 20. Rfc1 Nd7 21. R5c3 Nb8 22. Nc5 Bc8 23. a3 Rb5 24. Bf1 Rb6 25. Na4 Rb7 26. Bg2 Rbe7 27. Bxd5 cxd5 28. Rxc8 g6 29. Nb6 Kg7 30. Rxe8 Rxe8 31. Nxd5 1-0